Machiavelli to Marx : (Record no. 25467)
[ view plain ]
| 000 -LEADER | |
|---|---|
| fixed length control field | 01080cam a22003015a 4500 |
| 001 - CONTROL NUMBER | |
| control field | ocm17592315 |
| 003 - CONTROL NUMBER IDENTIFIER | |
| control field | OSt |
| 005 - DATE AND TIME OF LATEST TRANSACTION | |
| control field | 20171026105511.0 |
| 008 - FIXED-LENGTH DATA ELEMENTS--GENERAL INFORMATION | |
| fixed length control field | 880307s1979 ilu frb 001 0 eng d |
| 020 ## - INTERNATIONAL STANDARD BOOK NUMBER | |
| International Standard Book Number | 0226288501 |
| 020 ## - INTERNATIONAL STANDARD BOOK NUMBER | |
| International Standard Book Number | 9780226288505 |
| 035 ## - SYSTEM CONTROL NUMBER | |
| System control number | (OCoLC)ocm17592315 |
| 040 ## - CATALOGING SOURCE | |
| Original cataloging agency | GUA |
| Language of cataloging | eng |
| Transcribing agency | GUA |
| Modifying agency | OCL |
| -- | CXP |
| -- | BAKER |
| -- | EG-ScBUE |
| -- | EG-ScBUE |
| 082 04 - DEWEY DECIMAL CLASSIFICATION NUMBER | |
| Classification number | 320.50903 |
| Item number | GER |
| Edition number | 22 |
| 100 1# - MAIN ENTRY--PERSONAL NAME | |
| Personal name | Germino, Dante L. |
| 240 0# - UNIFORM TITLE | |
| Uniform title | <a href="Modern Western political thought : Machiavelli to Marx. Chicago.">Modern Western political thought : Machiavelli to Marx. Chicago.</a> |
| Language of a work | English |
| 245 10 - TITLE STATEMENT | |
| Title | Machiavelli to Marx : |
| Remainder of title | modern Western political thought / |
| Statement of responsibility, etc | Dante Germino. |
| 250 ## - EDITION STATEMENT | |
| Edition statement | Phoenix ed. |
| 260 ## - PUBLICATION, DISTRIBUTION, ETC. (IMPRINT) | |
| Place of publication, distribution, etc | Chicago ; |
| -- | London : |
| Name of publisher, distributor, etc | University of Chicago Press, |
| Date of publication, distribution, etc | 1979. |
| 300 ## - PHYSICAL DESCRIPTION | |
| Extent | xiii, 401 p. ; |
| Dimensions | 23 cm. |
| 500 ## - GENERAL NOTE | |
| General note | Originally published: Modern Western political thought : Machiavelli to Marx. Chicago : Rand McNally, 1972. |
| 504 ## - BIBLIOGRAPHY, ETC. NOTE | |
| Bibliography, etc | Includes bibliographical references and index. |
| 650 #7 - SUBJECT ADDED ENTRY--TOPICAL TERM | |
| Topical term or geographic name as entry element | Political science |
| General subdivision | History. |
| Source of heading or term | BUEsh |
| 9 (RLIN) | 9516 |
| 651 ## - SUBJECT ADDED ENTRY--GEOGRAPHIC NAME | |
| Source of heading or term | BUEsh |
| 653 ## - INDEX TERM--UNCONTROLLED | |
| Resource For college | BAEPS, Political Science |
| Arrived date list | October2017 |
| 655 ## - INDEX TERM--GENRE/FORM | |
| Form subdivision | Text book |
| -- | 33728 |
| 942 ## - ADDED ENTRY ELEMENTS (KOHA) | |
| Source of classification or shelving scheme | Dewey Decimal Classification |
| Withdrawn status | Item status | Source of classification or shelving scheme | Damaged status | Not for loan | Vendor | Home library | Current library | Shelving location | Date acquired | Source of acquisition | Cost, normal purchase price | Total Checkouts | Total Renewals | Full call number | Barcode | Date last seen | Date last borrowed | Koha item type |
|---|---|---|---|---|---|---|---|---|---|---|---|---|---|---|---|---|---|---|
| Dewey Decimal Classification | Baccah | Central Library | Central Library | First floor | 08/10/2017 | Purchase | 700.00 | 2 | 4 | 320.50903 GER | 000042059 | 15/07/2025 | 27/11/2019 | Book - Borrowing | ||||
| Dewey Decimal Classification | Baccah | Central Library | Central Library | First floor | 08/10/2017 | Purchase | 700.00 | 2 | 1 | 320.50903 GER | 000042060 | 15/07/2025 | 26/01/2025 | NB - Book (Non borrowing) | ||||
| Dewey Decimal Classification | Baccah | Central Library | Central Library | First floor | 26/10/2017 | Purchase | 700.00 | 8 | 58 | 320.50903 GER | 000042245 | 13/11/2025 | 22/04/2025 | Book - Borrowing | ||||
| Dewey Decimal Classification | Baccah | Central Library | Central Library | First floor | 26/10/2017 | Purchase | 8 | 37 | 320.50903 GER | 000042246 | 13/11/2025 | 12/02/2024 | Book - Borrowing | |||||
| Dewey Decimal Classification | Baccah | Central Library | Central Library | First floor | 26/10/2017 | Purchase | 6 | 31 | 320.50903 GER | 000042247 | 22/09/2025 | 26/01/2025 | Book - Borrowing |